The mathematical apparatus for quantum-theories based on the theory of boolean lattices
Uloženo v:
| Hlavní autor: | |
|---|---|
| Médium: | Kniha |
| Jazyk: | angličtina |
| Vydáno: |
Nueva York
Spinger
1966
|
| Edice: | Die Grundlehren der mathematischen Wissenschaften, 129
|
| Témata: | |
| Tagy: |
Přidat tag
Žádné tagy, Buďte první, kdo vytvoří štítek k tomuto záznamu!
|
MARC
| LEADER | 00000cam a2200000 a 4500 | ||
|---|---|---|---|
| 001 | UCF2395 | ||
| 003 | CL-VaPUC | ||
| 008 | 120817e19660000US |||||||||||||||||eng|d | ||
| 082 | 0 | 4 | |a 516 |b NIK |2 21 |
| 100 | 0 | |a Nikodym, Otton Martin |e author |9 564009 | |
| 245 | 1 | 4 | |a The mathematical apparatus for quantum-theories based on the theory of boolean lattices |
| 300 | |a 952 p | ||
| 942 | |c BK | ||
| 945 | |d 20120817 00:00:00 |a dcastane | ||
| 260 | |a Nueva York |b Spinger |c 1966 | ||
| 650 | 7 | |a TEORIA BOOLEANA |2 CL-VaPUC |9 354193 | |
| 650 | 0 | |a Álgebra |9 259567 | |
| 583 | |a last modification |c 20120817 11:35:00 |k Rodrigo Vera | ||
| 490 | 0 | |a Die Grundlehren der mathematischen Wissenschaften, 129 | |
| 999 | |c 348960 |d 348958 | ||
| 952 | |0 0 |1 0 |4 0 |6 516_000000000000000_NIK_1966 |7 0 |8 A |9 451310 |a BIBMAT |b BIBMAT |d 2019-11-22 |i 4889576 |o 516 NIK 1966 |p 4889576 |r 2025-01-07 |w 2019-11-22 |y BK |k MAT | ||